00856 2200301 4500001002100000005001500021007000300036008004100039020002200080035002000102040001700122041000800139082000600147084001200153090001800165100002700183245010000210250001200310264003700322300003200359336002100391337003000412338002300442650001700465700003900482850001000521990002300531INLIS00000000000668020260411095707ta260411 0  a978-979-063-565-4 a0010-0622000015 aSBPUPADbind0 aind aR aR AHM e aR ALM e L2-20 aAhmad ZakkyePengarang1 aEnsiklopedia For Moslem Kids :bAlquran Pedoman Hidupku /cAhmad Zakky ;Editor ,Syerif Nurhakim a.-cet.1 a.--Jakarta :bZikrul Kids,c2010 a120 hlm. :bilus. ;c28 cm 2rdacontentaTeks 2rdamediaaTanpa Perantara 2rdacarrieravolume 4aEnsiklopedia0 aEditor ,Syerif NurhakimePengarang aPUPAD a17867/BR/KAPD/2012